000 00450nam a2200181Ia 4500
001 16554
005 20260306170318.0
008 260306t2016||||xx |||||||||||||| ||und||
041 _aESP
082 _a348.61
_bJ54
100 _aJiménez Coronado, Ludmin Gustavo
_eAUT
245 0 _aContratación laboral a no domiciliados
260 _c2016
300 _a63 páginas :
_c24 cm.
650 _aGEN
654 _aCDE
942 _cLIB
_dJUS
_fJUS
_2ddc
_n
999 _c16554
_d16554